| 000 | 00586nam a2200193Ia 4500 | ||
|---|---|---|---|
| 001 | 4205 | ||
| 003 | GE_BSU | ||
| 008 | 181216s||||||||xx |||||||||||||| ||und|| | ||
| 040 | _cGE_BSU | ||
| 080 | _a665.63 | ||
| 245 | _aТехнология переработки нефти и газа. Нефтехимия: труды, выпуск XXV. | ||
| 245 | _cРед. С.И.Бабушкина. | ||
| 260 | _aМ. | ||
| 260 | _bХимия. | ||
| 260 | _c1972. | ||
| 300 | _a240 стр. 22 см. | ||
| 653 | _aТехнология переработки нефти и газа. | ||
| 942 | _cBK | ||
| 999 |
_c38215 _d38215 |
||